Maharashtra Legislative Assembly rules. (Record no. 76057)

MARC details
000 -LEADER
fixed length control field 00781cam a22002291 4500
001 - CONTROL NUMBER
control field sa 67006586
003 - CONTROL NUMBER IDENTIFIER
control field DLC
005 - DATE AND TIME OF LATEST TRANSACTION
control field 20260227112409.0
008 - FIXED-LENGTH DATA ELEMENTS--GENERAL INFORMATION
fixed length control field 860719s1967 ii s000 0 eng
010 ## - LIBRARY OF CONGRESS CONTROL NUMBER
LC control number sa 67006586
035 ## - SYSTEM CONTROL NUMBER
System control number (OCoLC)13905453
040 ## - CATALOGING SOURCE
Original cataloging agency DLC
Transcribing agency CU
Modifying agency CU
-- DLC
042 ## - AUTHENTICATION CODE
Authentication code premarc
050 00 - LIBRARY OF CONGRESS CALL NUMBER
Classification number JQ620.M26
Item number A583 1967
110 1# - MAIN ENTRY--CORPORATE NAME
Corporate name or jurisdiction name as entry element Maharashtra (India).
Subordinate unit Legislature.
-- Legislative Council.
245 10 - TITLE STATEMENT
Title Maharashtra Legislative Assembly rules.
250 ## - EDITION STATEMENT
Edition statement [4th ed.]
260 ## - PUBLICATION, DISTRIBUTION, ETC.
Place of publication, distribution, etc. Bombay,
Name of publisher, distributor, etc. Director, Govt. Print. and Stationery, Maharashtra State,
Date of publication, distribution, etc. 1967.
300 ## - PHYSICAL DESCRIPTION
Extent 6, xiv, 198 p.
Dimensions 19 cm.
500 ## - GENERAL NOTE
General note At head of title: Maharashtra Legislature Secretariat.
610 10 - SUBJECT ADDED ENTRY--CORPORATE NAME
Corporate name or jurisdiction name as entry element Maharashtra (India).
Subordinate unit Legislature.
-- Legislative Council
General subdivision Rules and practice.

No items available.

Powered by Koha